Cơ sở điều khiển học trong kinh tế Dịch bản gốc tiếng Nga

Gespeichert in:
Bibliographische Detailangaben
1. Verfasser: N E Kobrinski
Format: Buch
Sprache:Undetermined
Veröffentlicht: Hà Nội KHKT 1981
Schlagworte:
Tags: Tag hinzufügen
Keine Tags, Fügen Sie den ersten Tag hinzu!
Thư viện lưu trữ: Trung tâm Học liệu Trường Đại học Cần Thơ
LEADER 00578nam a2200181Ia 4500
001 CTU_5869
008 210402s9999 xx 000 0 und d
082 |a 330.1543 
082 |b K75 
100 |a N E Kobrinski 
245 0 |a Cơ sở điều khiển học trong kinh tế 
245 0 |b Dịch bản gốc tiếng Nga 
245 0 |c N E Kobrinski; Dịch giả: Trần Vũ Thiệu, Lê Xuân Lan 
260 |a Hà Nội 
260 |b KHKT 
260 |c 1981 
650 |a economics, mathematical 
980 |a Trung tâm Học liệu Trường Đại học Cần Thơ